Structural stability and morphogenesis : an outline of a general theory of models /
Guardado en:
| Autor Principal: | |
|---|---|
| Formato: | Libro |
| Idioma: | English French |
| Publicado: |
Reading, Mass. :
Benjamin/Cummings,
1975.
|
| Edición: | 1st English ed. |
| Materias: | |
| Etiquetas: |
Agregar Etiqueta
Sin Etiquetas, Sea el primero en etiquetar este registro!
|
| LEADER | 01279cam a2200313 a 4500 | ||
|---|---|---|---|
| 001 | MAT.inmabb002764 | ||
| 008 | 740508s1975####maua#####b####001#0#eng## | ||
| 005 | 20170612144325.0 | ||
| 245 | 1 | 0 | |a Structural stability and morphogenesis : |b an outline of a general theory of models / |c René Thom ; translated from the French edition, as updated by the author, by D. H. Fowler ; with a foreword by C. H. Waddington. |
| 250 | |a 1st English ed. | ||
| 260 | |a Reading, Mass. : |b Benjamin/Cummings, |c 1975. | ||
| 300 | |a xxv, 348 p., xv p. de láms. : |b il. ; |c 25 cm. | ||
| 500 | |a Traducción de: Stabilité structurelle et morphogénèse. Reading, Mass. : W. A. Benjamin, 1972. | ||
| 500 | |a "2nd printing, with corrections, March 1976." | ||
| 504 | |a Incluye referencias bibliográficas. | ||
| 510 | 4 | |a MR, |c 58 #7722b | |
| 020 | |a 0805392785 | ||
| 020 | |a 0805392777 (pbk.) | ||
| 020 | |a 0805392769 | ||
| 100 | 1 | |a Thom, René, |d 1923- | |
| 240 | 1 | 0 | |a Stabilité structurelle et morphogénèse. |l Inglés |
| 650 | 0 | |a Biology |x Mathematical models. | |
| 650 | 0 | |a Morphogenesis |x Mathematical models. | |
| 650 | 0 | |a Topology. | |
| 084 | |a 58F10 (00A25 34C35 92A05) |2 MR | ||
| 010 | |a 74008829 | ||
| 040 | |a DLC |c DLC |d DLC | ||
| 041 | 1 | |a eng |h fre | |
| 859 | |h 58 |i T452 |p A-5222 |b BIB. MATEMATICA | ||
